| 000 | 00512nam a2200193Ia 4500 | ||
|---|---|---|---|
| 008 | 101110s9999 xx 000 0 und d | ||
| 041 | _aENGLISH | ||
| 082 | _bSR13133 | ||
| 100 | _aMajumdar, Raychandhari | ||
| 245 | _aAn Advanced History of India (4th edition) | ||
| 365 | _b62.5 | ||
| 520 | _aHistory | ||
| 546 | _aENGLISH | ||
| 630 | _aAn Advanced History of India (4th edition) | ||
| 650 | _aHistory | ||
| 655 | _aHistory | ||
| 730 | _aAn Advanced History of India (4th edition) | ||
| 942 | _cBOOK | ||
| 999 |
_c807401 _d807398 |
||